SCO Members - Sudden Death - Statistics

General Stats
  • This quiz has been taken 16 times
  • The average score is 4 of 10
Answers on the Grid
Answers color-coded by a green-red scale on the quiz's grid according to % correct below.
Afghanistan
Azerbaijan
Belarus
Cambodia
China
Cuba
Egypt
India
Indonesia
Iran
Iraq
Kazakhstan
Kyrgyzstan
Laos
Libya
Moldova
Mongolia
Myanmar
North Korea
Pakistan
Russia
Saudi Arabia
Serbia
South Africa
Syria
Tajikistan
Thailand
Turkey
Turkmenistan
Uzbekistan
Vietnam
Yemen
 
Answer Stats
Answer % Correct
China
100%
Kazakhstan
60%
Kyrgyzstan
60%
Russia
60%
Tajikistan
40%
Uzbekistan
40%
Belarus
20%
India
20%
Iran
20%
Pakistan
20%
No matching quizzes found
Score Distribution
Percent of People with Each Score
Percentile by Number Answered
Your Score History
You have not taken this quiz